Statistics for Cities on the South China Sea by a Clue

Click here to take the quiz!

General Stats

  • This quiz has been taken 99 times
  • The average score is 13 of 20

Answer Stats

ClueCity% Correct
Former Portuguese colony now considered world's casino capitalMacau
99%
Quezon City is the most populous city in its metropolitan areaManila
97%
Fell into the British hands as a result of the two Opium WarsHong Kong
96%
Renamed after its country was invaded in 1975Ho Chi Minh City
93%
Where 80,000 British soldiers were captured when this former colony
fell to the Japanese in WWII
Singapore
91%
World's most populous urban agglomerationGuangzhou
88%
World capital on the island of BorneoBandar Seri Begawan
83%
It's not the capital of Costa Rica, it's the biggest city on the Mindoro islandSan Jose
82%
Huge city located to immediate north of the aboveShenzhen
82%
Most populous city on the Taiwan StraitXiamen
72%
Biggest city in Central VietnamDa Nang
71%
Another major city on the Taiwan Strait romanized as "Foochow"Fuzhou
70%
This city is actually the main port of Taiwan, not TaipeiKaohsiung
45%
Malaysian city also located right north of that cityJohor Bahru
43%
Eastern Guangdong's economic centre - romanized as "Swatow"Shantou
42%
Biggest city on the Chinese island of HainanHaikou
33%
Capital of Sabah, Malaysia - located west of Mount KinabaluKota Kinabalu
26%
Add the name of China's dynasty before "Qing" to China's first ChairmanMaoming
26%
Oldest city in Taiwan that was its capital for centuriesTainan
26%
Populous Indonesian island-city located right south of the aboveBatam
25%

Score Distribution

Percentile by Number Answered

Percent of People with Each Score

Your Score History

You have not taken this quiz